000 00750nam a2200253Ia 4500
003 OSt
005 20220926012328.0
006 a|||||r|||| 00| 0
007 ta
008 220923b |||||||| |||| 00| 0 eng d
020 _a0 521 34461 1
037 _cGeneral Book
040 _aRTL
_cRTL
_beng
041 _2eng
_aeng
082 _aX:75.58.N8, M8
100 _aHardt John P
_9316183
245 0 _aPlanned economies
_b Confronting the challenges of t
260 _aNew York
_bCambridge University Press U S A
_c1988
300 _axiv,191p.
_ccm.
650 _aEconomic
_937751
700 _a Mcmilolan Carl H
_9316184
942 _hX:75.58.N8, M8
_cGB
_2CC
999 _c622545
_d622545